| 000 | 00501 a2200121 4500 | ||
|---|---|---|---|
| 020 | _a9780309117937 | ||
| 022 | _a00775614 | ||
| 082 | _a363.125 FRA | ||
| 100 | _aFrazier, Ernest R. | ||
| 245 |
_aNCHRP Report 525 Surface Transportation Security Vol 14 Security 101: A Physical Security Primer for Transportation Agencies / _cErnest R. Frazier, Yuko J. Nakanishi, Mary Ann Lorimer |
||
| 260 |
_aWashington : _bTransportation Research Board, _c2009 |
||
| 300 |
_a211p. : _bill. ; _c30 cm |
||
| 650 | _aPhysical Security -- Transportation | ||
| 999 |
_c2208 _d2208 |
||